| 000 | 00498nam a22001937a 4500 | ||
|---|---|---|---|
| 003 | MPLRDC | ||
| 005 | 20220104124251.0 | ||
| 008 | 210129b ||||| |||| 00| 0 eng d | ||
| 020 | _a7-02-000376-1 | ||
| 082 | _a868.6 RIZ | ||
| 100 | _aJOSE RIZAL | ||
| 245 |
_a社会毒瘤 _c陈尧光、柏群 译 |
||
| 250 | _a一版一刷 | ||
| 260 |
_a中国 _b人民文学出版社 _c1988 |
||
| 300 | _b515 | ||
| 490 | _a外国文学名著从书 | ||
| 650 | _a菲律宾文学 | ||
| 942 |
_cBK _o868.6 RIZ |
||
| 999 |
_c17972 _d17962 |
||